00759nam a2200241 a 450000100060000000300080000600500170001400800410003102000150007203500190008704000350010604100080014108200240014910000190017324500390019226000400023130000210027149000470029250400370033960000650037665100290044183000470047063137BD-RjUL20211209081149.0170128s1979 mau b 001 0 eng d a0805767509 a(BD-RjUL)63265 aBD-RjULcBD-RjULdBD-RjULbeng aeng00a821.2223bREW 19791 aReiss, Edmund.00aWilliam Dunbar /cby Edmund Reiss. aBoston :bTwayne Publishers,c1979. a183 p. ;c21 cm.0 aTwayne's English authors series ; TEAS 257 aIncludes bibliography and index.10aDunbar, William,d1460?-1520?xCriticism and interpretation. 0aScotlandxIn literature. aTwayne's English authors series ; TEAS 257